000
00208 a2200097 4500
001
32675
100
_a
Clark, S
245
_a
The man who is France
260
_a
London
_b
G G H & Co
_c
090
_c
21876
_d
21876
942
_a
NUST-CAE
_c
M
_c
13198
999
_c
267748
_d
267748